000 00962nam a2200205Ia 4500
999 _c40763
_d40763
001 7402
003 GE_BSU
005 20231124151045.0
008 181216s1960||||ge |||||||||||||| ||geo||
040 _cGE_BSU
041 _ageo
080 _a821.353.1-1 ი-35
100 _aიეთიმ- გურჯი, (იეთიმ დაბღიშვილი)
_920471
245 _aრჩეული ლექსები /
_cიეთიმ- გურჯი, (იეთიმ დაბღიშვილი) ; რედ. ი. გრიშაშვილი ; წიგნი შეადგინა ა. ბარნოვმა.
264 _aთბილისი :
_bსაბჭ. მწერალი,
_c1960.
300 _a155 გვ. ;
_bფოტო გარეკანზე,
_c16 სმ.
653 _aრჩეული ლექსები
700 _aგრიშაშვილი, ი.
_eრედაქტორი
_94937
942 _cBK
_2udc